000 00418nam a2200169 a 4500
001 14122
003 CO-ViMGA
008 141112s2004 ck r 000 u spa d
040 _aCO-ViMGA
_bspa
_cCO-ViMGA
082 0 4 _aV863 C462
100 1 _aChocron, Isaac
_915414
245 1 0 _aPajaro de mar por tierra
260 _aCaracas :
_bMonte Avila,
_c1982
300 _a296
650 1 4 _aNOVELA VENEZOLANA
942 _2ddc
_cBK
999 _c24821
_d24821